000 01677nam a2200361 c 4500
999 _c163432
_d163432
003 BLK
005 20221130163505.0
008 180410b bul|||||r ||||||| ||bul||
010 _aKNG00170842000
040 _aBLK
041 _aBUL
_cBUL
080 _aБългарска литература
_b821.163.2
_x(093)
_z821.163.2(093)
080 _aБългарски поет (1909-1942)
_b929 Вапцаров, Никола Йонков
_z929 Вапцаров, Никола Йонков
139 _aВапцаров, Никола за него
_bВ 21
245 1 0 _aНикола Вапцаров
_bСпомени за поета и революционера : По случай 70 г. от рождението му
_cпод ред. на Георги Караславов; * Младен Исаев; * Петър Пондев.
257 _aBGR
260 _bБълг. писател
_c1979
_aСофия
300 _a751 с., 16 л. ил., факс.
_c22 см
380 _a82
500 _aДруги ред.: Младен Исаев, Петър Пондев. - 10 113 тир.
600 1 4 _aВапцаров, Никола Йонков
_9364370
650 4 _aПоети, български - спомени
_9245048
653 _aНикола Вапцаров
653 _aспомени
700 1 _aКараславов, Георги
_eпод ред. на
_9369377
700 1 _aИсаев, Младен
_qМладенов, Младен Исаев
_e*
_9369402
700 1 _aПондев, Петър
_e*
_9368894
852 _aЦб 100789
856 4 _qpdf
_i0.00
_ldisable
856 4 _qpdf
_i0.00
_ldisable
942 _cKNG
_n0
_s1
944 _aCR
_c06.02.2015
_l06.02.2015 - от С1,Р / 06.02.2015
_kНора_Радева
944 _aED
_c06.02.2015
_l06.02.2015 - от С1,Р / 06.02.2015
999 _d163432